Missing Word: 1980s 'D' Song Endings Quiz Stats

 Plays Quiz Updated Apr 21, 2015

Challenge
Share
Tweet
Embed
Score 0/20 Timer 04:00
0 Plays Today
Song Missing Word % Correct
Upside _____Down
97.2%
Let's _____Dance
93%
In Too _____Deep
93%
Let My Love Open The _____Door
91.5%
Dancing In The _____Dark
91.2%
New Year's _____Day
91.1%
Birth, School, Work, _____Death
86.8%
Rag _____Doll
85.9%
(Forever) Live And _____Die
84.1%
Everything Your Heart _____Desires
82.7%
Song Missing Word % Correct
Love In The First _____Degree
81.1%
Shattered _____Dreams
79.1%
Rapper's _____Delight
71.2%
Come _____Dancing
68.1%
Dirty _____Diana
62.6%
Flirtin' With _____Disaster
61.8%
Pass The _____Dutchie
38.1%
Don't Fall In Love With A _____Dreamer
37.3%
Kiss Me _____Deadly
34.3%
Industrial _____Disease
15.6%

Today's Daily Dose

You're not logged in!

Compare scores with friends on all Sporcle quizzes.
Join for Free
OR
Log In

You Might Also Like...

Show Comments

Extras

Top Quizzes Today


Score Distribution

Your Account Isn't Verified!

In order to create a playlist on Sporcle, you need to verify the email address you used during registration. Go to your Sporcle Settings to finish the process.

Report this User

Report this user for behavior that violates our Community Guidelines.

Details: